MARC details
| 000 -LEADER |
| fixed length control field |
05742cam a2200925 i 4500 |
| 001 - CONTROL NUMBER |
| control field |
3013425 |
| 005 - DATE AND TIME OF LATEST TRANSACTION |
| control field |
20200706154616.0 |
| 008 - FIXED-LENGTH DATA ELEMENTS--GENERAL INFORMATION |
| fixed length control field |
190821s2019 nyu c 000 1 eng d |
| 020 ## - INTERNATIONAL STANDARD BOOK NUMBER |
| International Standard Book Number |
9781338221510 |
| Qualifying information |
(hbk.) |
| Terms of availability |
$14.99 |
| 020 ## - INTERNATIONAL STANDARD BOOK NUMBER |
| International Standard Book Number |
1338221515 : |
| Terms of availability |
$14.99 |
| 035 ## - SYSTEM CONTROL NUMBER |
| System control number |
(OCoLC)1112733956 |
| 035 ## - SYSTEM CONTROL NUMBER |
| System control number |
2886557 |
| 035 ## - SYSTEM CONTROL NUMBER |
| System control number |
2886557 |
| 040 ## - CATALOGING SOURCE |
| Original cataloging agency |
TnLvILS |
| Language of cataloging |
eng |
| Description conventions |
rda |
| Transcribing agency |
TnLvILS |
| Modifying agency |
TnLvILS |
| 082 04 - DEWEY DECIMAL CLASSIFICATION NUMBER |
| Classification number |
[Fic] |
| Edition number |
23 |
| 092 ## - LOCALLY ASSIGNED DEWEY CALL NUMBER (OCLC) |
| Classification number |
F |
| 999 ## - SYSTEM CONTROL NUMBERS (KOHA) |
| Koha Dewey Subclass [OBSOLETE] |
F |
| 100 1# - MAIN ENTRY--PERSONAL NAME |
| Personal name |
Mlynowski, Sarah, |
| Relator term |
author. |
| 9 (RLIN) |
77460 |
| 245 14 - TITLE STATEMENT |
| Title |
The big shrink / |
| Statement of responsibility, etc |
by Sarah Mlynowski, Lauren Myracle, and Emily Jenkins. |
| 250 ## - EDITION STATEMENT |
| Edition statement |
First edition. |
| 264 #1 - Production, Publication, Distribution, Manufacture, and Copyright Notice. |
| Place of production, publication, distribution, manufacture |
New York : |
| Name of producer, publisher, distributor, manufacturer |
Scholastic Press, |
| Date of production, publication, distribution, manufacture, or copyr |
2019. |
| 300 ## - PHYSICAL DESCRIPTION |
| Extent |
184 pages ; |
| Dimensions |
22 cm. |
| 336 ## - Content Type |
| Content type term |
text |
| 337 ## - Media type |
| Media type term |
unmediated |
| 338 ## - Carrier type |
| Carrier type term |
volume |
| 490 1# - SERIES STATEMENT |
| Series statement |
Upside-down magic ; |
| Volume number/sequential designation |
#6 |
| 520 ## - SUMMARY, ETC. |
| Summary, etc |
"Marigold Ramos can magically make things small--sometimes very, very small. The only problem? She can't figure out how to make them big again. Maybe a new tutor can help Marigold manage her magic. And maybe her magic will come in handy as she and her friends in the Upside-Down Magic class band together to protest a new rule by their principal, a super unfair rule that bans them from bringing their amazing new toy dragons to school"--Publisher's description. |
| 521 1# - TARGET AUDIENCE NOTE |
| Target audience note |
8-12 |
| Source |
Brodart. |
| 521 2# - TARGET AUDIENCE NOTE |
| Target audience note |
3-7 |
| Source |
Brodart. |
| 526 0# - STUDY PROGRAM INFORMATION NOTE |
| Program name |
Accelerated Reader |
| Interest level |
MG |
| Reading level |
4.2 |
| Title point value |
4. |
| 650 #0 - SUBJECT ADDED ENTRY--TOPICAL TERM |
| Topical term or geographic name as entry element |
Magic |
| Form subdivision |
Juvenile fiction. |
| 9 (RLIN) |
5673690 |
| 650 #0 - SUBJECT ADDED ENTRY--TOPICAL TERM |
| Topical term or geographic name as entry element |
Shapeshifting |
| Form subdivision |
Juvenile fiction. |
| 9 (RLIN) |
6364757 |
| 650 #0 - SUBJECT ADDED ENTRY--TOPICAL TERM |
| Topical term or geographic name as entry element |
Middle schools |
| Form subdivision |
Juvenile fiction. |
| 9 (RLIN) |
5675274 |
| 650 #0 - SUBJECT ADDED ENTRY--TOPICAL TERM |
| Topical term or geographic name as entry element |
Schools |
| Form subdivision |
Juvenile fiction. |
| 9 (RLIN) |
6364758 |
| 650 #0 - SUBJECT ADDED ENTRY--TOPICAL TERM |
| Topical term or geographic name as entry element |
Friendship in children |
| Form subdivision |
Juvenile fiction. |
| 9 (RLIN) |
5691626 |
| 650 #0 - SUBJECT ADDED ENTRY--TOPICAL TERM |
| Topical term or geographic name as entry element |
Ability in children |
| Form subdivision |
Juvenile fiction. |
| 9 (RLIN) |
5743135 |
| 650 #0 - SUBJECT ADDED ENTRY--TOPICAL TERM |
| Topical term or geographic name as entry element |
Emotions in children |
| Form subdivision |
Juvenile fiction. |
| 9 (RLIN) |
5702427 |
| 650 #0 - SUBJECT ADDED ENTRY--TOPICAL TERM |
| Topical term or geographic name as entry element |
Dragons |
| Form subdivision |
Juvenile fiction. |
| 9 (RLIN) |
5673921 |
| 650 #1 - SUBJECT ADDED ENTRY--TOPICAL TERM |
| Topical term or geographic name as entry element |
Magic |
| Form subdivision |
Fiction. |
| 9 (RLIN) |
5673694 |
| 650 #1 - SUBJECT ADDED ENTRY--TOPICAL TERM |
| Topical term or geographic name as entry element |
Shapeshifting |
| Form subdivision |
Fiction. |
| 9 (RLIN) |
5680862 |
| 650 #1 - SUBJECT ADDED ENTRY--TOPICAL TERM |
| Topical term or geographic name as entry element |
Middle schools |
| Form subdivision |
Fiction. |
| 9 (RLIN) |
5675986 |
| 650 #1 - SUBJECT ADDED ENTRY--TOPICAL TERM |
| Topical term or geographic name as entry element |
Schools |
| Form subdivision |
Fiction. |
| 9 (RLIN) |
5673727 |
| 650 #1 - SUBJECT ADDED ENTRY--TOPICAL TERM |
| Topical term or geographic name as entry element |
Friendship |
| Form subdivision |
Fiction. |
| 9 (RLIN) |
5673769 |
| 650 #1 - SUBJECT ADDED ENTRY--TOPICAL TERM |
| Topical term or geographic name as entry element |
Ability |
| Form subdivision |
Fiction. |
| 9 (RLIN) |
5673895 |
| 650 #1 - SUBJECT ADDED ENTRY--TOPICAL TERM |
| Topical term or geographic name as entry element |
Emotions |
| Form subdivision |
Fiction. |
| 9 (RLIN) |
6364759 |
| 650 #1 - SUBJECT ADDED ENTRY--TOPICAL TERM |
| Topical term or geographic name as entry element |
Dragons |
| Form subdivision |
Fiction. |
| 9 (RLIN) |
5673926 |
| 650 #1 - SUBJECT ADDED ENTRY--TOPICAL TERM |
| Topical term or geographic name as entry element |
Fantasy. |
| 9 (RLIN) |
6364760 |
| 650 #7 - SUBJECT ADDED ENTRY--TOPICAL TERM |
| Topical term or geographic name as entry element |
JUVENILE FICTION / Fantasy & Magic |
| Source of heading or term |
bisacsh |
| 9 (RLIN) |
5675426 |
| 650 #7 - SUBJECT ADDED ENTRY--TOPICAL TERM |
| Topical term or geographic name as entry element |
JUVENILE FICTION / School & Education |
| Source of heading or term |
bisacsh |
| 9 (RLIN) |
5703325 |
| 650 #7 - SUBJECT ADDED ENTRY--TOPICAL TERM |
| Topical term or geographic name as entry element |
JUVENILE FICTION / Social Themes / Friendship |
| Source of heading or term |
bisacsh |
| 9 (RLIN) |
5715225 |
| 700 1# - ADDED ENTRY--PERSONAL NAME |
| Personal name |
Myracle, Lauren, |
| Dates associated with a name |
1969- |
| Relator term |
author. |
| 9 (RLIN) |
47806 |
| 700 1# - ADDED ENTRY--PERSONAL NAME |
| Personal name |
Jenkins, Emily, |
| Dates associated with a name |
1967- |
| Relator term |
author. |
| 9 (RLIN) |
43808 |
| 800 1# - SERIES ADDED ENTRY--PERSONAL NAME |
| Personal name |
Mlynowski, Sarah. |
| Title of a work |
Upside-down magic ; |
| Volume/sequential designation |
bk. 6. |
| 9 (RLIN) |
6006968 |
| 942 ## - ADDED ENTRY ELEMENTS (KOHA) |
| Source of classification or shelving scheme |
Dewey Decimal Classification |
| Koha item type |
BOOK |
| 948 ## - LOCAL PROCESSING INFORMATION (OCLC); SERIES PART DESIGNATOR (RLIN) |
| Series part designator, SPT (RLIN) |
BVP |
| b (OCLC) |
CHILDREN'S |
| p (OCLC) |
X121497283 |
| k (OCLC) |
J |
| h (OCLC) |
F |
| f (OCLC) |
1 |
| r (OCLC) |
2 |
| g (OCLC) |
1 |
| 7 (OCLC) |
0 |
| u (OCLC) |
3 |
| w (OCLC) |
11 |
| s (OCLC) |
0 |
| o (OCLC) |
BVP |
| 0 (OCLC) |
$14.99 |
| y (OCLC) |
99 |
| c (OCLC) |
26 |
| j (OCLC) |
Dewey Decimal |
| n (OCLC) |
On-Order |
| e (OCLC) |
1704268-1 |
| 9 (OCLC) |
Item generated Jun 5 2020 10:13AM |
| 948 ## - LOCAL PROCESSING INFORMATION (OCLC); SERIES PART DESIGNATOR (RLIN) |
| Series part designator, SPT (RLIN) |
BAP |
| b (OCLC) |
CHILDREN'S |
| p (OCLC) |
X125833923 |
| k (OCLC) |
J |
| h (OCLC) |
F |
| f (OCLC) |
1 |
| r (OCLC) |
2 |
| g (OCLC) |
1 |
| 7 (OCLC) |
0 |
| u (OCLC) |
3 |
| w (OCLC) |
11 |
| s (OCLC) |
0 |
| o (OCLC) |
BAP |
| 0 (OCLC) |
$14.99 |
| y (OCLC) |
99 |
| j (OCLC) |
Dewey Decimal |
| n (OCLC) |
On-Order |
| e (OCLC) |
1586699-1 |
| 9 (OCLC) |
Item generated Sep 4 2019 11:06AM |
| 948 ## - LOCAL PROCESSING INFORMATION (OCLC); SERIES PART DESIGNATOR (RLIN) |
| Series part designator, SPT (RLIN) |
BPG |
| b (OCLC) |
CHILDREN'S |
| p (OCLC) |
X125833932 |
| k (OCLC) |
J |
| h (OCLC) |
F |
| f (OCLC) |
1 |
| r (OCLC) |
2 |
| g (OCLC) |
1 |
| 7 (OCLC) |
0 |
| u (OCLC) |
3 |
| w (OCLC) |
11 |
| s (OCLC) |
0 |
| o (OCLC) |
BPG |
| 0 (OCLC) |
$14.99 |
| y (OCLC) |
99 |
| j (OCLC) |
Dewey Decimal |
| n (OCLC) |
On-Order |
| e (OCLC) |
1586699-10 |
| 9 (OCLC) |
Item generated Sep 4 2019 11:06AM |
| 948 ## - LOCAL PROCESSING INFORMATION (OCLC); SERIES PART DESIGNATOR (RLIN) |
| Series part designator, SPT (RLIN) |
BRF |
| b (OCLC) |
CHILDREN'S |
| p (OCLC) |
X125833941 |
| k (OCLC) |
J |
| h (OCLC) |
F |
| f (OCLC) |
1 |
| r (OCLC) |
2 |
| g (OCLC) |
1 |
| 7 (OCLC) |
0 |
| u (OCLC) |
3 |
| w (OCLC) |
11 |
| s (OCLC) |
0 |
| o (OCLC) |
BRF |
| 0 (OCLC) |
$14.99 |
| y (OCLC) |
99 |
| j (OCLC) |
Dewey Decimal |
| n (OCLC) |
On-Order |
| e (OCLC) |
1586699-11 |
| 9 (OCLC) |
Item generated Sep 4 2019 11:06AM |
| 948 ## - LOCAL PROCESSING INFORMATION (OCLC); SERIES PART DESIGNATOR (RLIN) |
| Series part designator, SPT (RLIN) |
BWR |
| b (OCLC) |
CHILDREN'S |
| p (OCLC) |
X125833950 |
| k (OCLC) |
J |
| h (OCLC) |
F |
| f (OCLC) |
1 |
| r (OCLC) |
2 |
| g (OCLC) |
1 |
| 7 (OCLC) |
0 |
| u (OCLC) |
3 |
| w (OCLC) |
11 |
| s (OCLC) |
0 |
| o (OCLC) |
BWR |
| 0 (OCLC) |
$14.99 |
| y (OCLC) |
99 |
| j (OCLC) |
Dewey Decimal |
| n (OCLC) |
On-Order |
| e (OCLC) |
1586699-12 |
| 9 (OCLC) |
Item generated Sep 4 2019 11:06AM |
| 948 ## - LOCAL PROCESSING INFORMATION (OCLC); SERIES PART DESIGNATOR (RLIN) |
| Series part designator, SPT (RLIN) |
BDW |
| b (OCLC) |
CHILDREN'S |
| p (OCLC) |
X125833969 |
| k (OCLC) |
J |
| h (OCLC) |
F |
| f (OCLC) |
1 |
| r (OCLC) |
2 |
| g (OCLC) |
1 |
| 7 (OCLC) |
0 |
| u (OCLC) |
3 |
| w (OCLC) |
11 |
| s (OCLC) |
0 |
| o (OCLC) |
BDW |
| 0 (OCLC) |
$14.99 |
| y (OCLC) |
99 |
| j (OCLC) |
Dewey Decimal |
| n (OCLC) |
On-Order |
| e (OCLC) |
1586699-2 |
| 9 (OCLC) |
Item generated Sep 4 2019 11:06AM |
| 948 ## - LOCAL PROCESSING INFORMATION (OCLC); SERIES PART DESIGNATOR (RLIN) |
| Series part designator, SPT (RLIN) |
BGP |
| b (OCLC) |
CHILDREN'S |
| p (OCLC) |
X125833978 |
| k (OCLC) |
J |
| h (OCLC) |
F |
| f (OCLC) |
1 |
| r (OCLC) |
2 |
| g (OCLC) |
1 |
| 7 (OCLC) |
0 |
| u (OCLC) |
3 |
| w (OCLC) |
11 |
| s (OCLC) |
0 |
| o (OCLC) |
BGP |
| 0 (OCLC) |
$14.99 |
| y (OCLC) |
99 |
| j (OCLC) |
Dewey Decimal |
| n (OCLC) |
On-Order |
| e (OCLC) |
1586699-3 |
| 9 (OCLC) |
Item generated Sep 4 2019 11:06AM |
| 948 ## - LOCAL PROCESSING INFORMATION (OCLC); SERIES PART DESIGNATOR (RLIN) |
| Series part designator, SPT (RLIN) |
BHH |
| b (OCLC) |
CHILDREN'S |
| p (OCLC) |
X125833987 |
| k (OCLC) |
J |
| h (OCLC) |
F |
| f (OCLC) |
1 |
| r (OCLC) |
2 |
| g (OCLC) |
1 |
| 7 (OCLC) |
0 |
| u (OCLC) |
3 |
| w (OCLC) |
11 |
| s (OCLC) |
0 |
| o (OCLC) |
BHH |
| 0 (OCLC) |
$14.99 |
| y (OCLC) |
99 |
| j (OCLC) |
Dewey Decimal |
| n (OCLC) |
On-Order |
| e (OCLC) |
1586699-4 |
| 9 (OCLC) |
Item generated Sep 4 2019 11:06AM |
| 948 ## - LOCAL PROCESSING INFORMATION (OCLC); SERIES PART DESIGNATOR (RLIN) |
| Series part designator, SPT (RLIN) |
BHI |
| b (OCLC) |
CHILDREN'S |
| p (OCLC) |
X125833996 |
| k (OCLC) |
J |
| h (OCLC) |
F |
| f (OCLC) |
1 |
| r (OCLC) |
2 |
| g (OCLC) |
1 |
| 7 (OCLC) |
0 |
| u (OCLC) |
3 |
| w (OCLC) |
11 |
| s (OCLC) |
0 |
| o (OCLC) |
BHI |
| 0 (OCLC) |
$14.99 |
| y (OCLC) |
99 |
| j (OCLC) |
Dewey Decimal |
| n (OCLC) |
On-Order |
| e (OCLC) |
1586699-5 |
| 9 (OCLC) |
Item generated Sep 4 2019 11:06AM |
| 948 ## - LOCAL PROCESSING INFORMATION (OCLC); SERIES PART DESIGNATOR (RLIN) |
| Series part designator, SPT (RLIN) |
BKR |
| b (OCLC) |
CHILDREN'S |
| p (OCLC) |
X125834001 |
| k (OCLC) |
J |
| h (OCLC) |
F |
| f (OCLC) |
1 |
| r (OCLC) |
2 |
| g (OCLC) |
1 |
| 7 (OCLC) |
0 |
| u (OCLC) |
3 |
| w (OCLC) |
11 |
| s (OCLC) |
0 |
| o (OCLC) |
BKR |
| 0 (OCLC) |
$14.99 |
| y (OCLC) |
99 |
| j (OCLC) |
Dewey Decimal |
| n (OCLC) |
On-Order |
| e (OCLC) |
1586699-6 |
| 9 (OCLC) |
Item generated Sep 4 2019 11:06AM |
| 948 ## - LOCAL PROCESSING INFORMATION (OCLC); SERIES PART DESIGNATOR (RLIN) |
| Series part designator, SPT (RLIN) |
BLW |
| b (OCLC) |
CHILDREN'S |
| p (OCLC) |
X125834010 |
| k (OCLC) |
J |
| h (OCLC) |
F |
| f (OCLC) |
1 |
| r (OCLC) |
2 |
| g (OCLC) |
1 |
| 7 (OCLC) |
0 |
| u (OCLC) |
3 |
| w (OCLC) |
11 |
| s (OCLC) |
0 |
| o (OCLC) |
BLW |
| 0 (OCLC) |
$14.99 |
| y (OCLC) |
99 |
| j (OCLC) |
Dewey Decimal |
| n (OCLC) |
On-Order |
| e (OCLC) |
1586699-7 |
| 9 (OCLC) |
Item generated Sep 4 2019 11:06AM |
| 948 ## - LOCAL PROCESSING INFORMATION (OCLC); SERIES PART DESIGNATOR (RLIN) |
| Series part designator, SPT (RLIN) |
BMK |
| b (OCLC) |
CHILDREN'S |
| p (OCLC) |
X125834029 |
| k (OCLC) |
J |
| h (OCLC) |
F |
| f (OCLC) |
1 |
| r (OCLC) |
2 |
| g (OCLC) |
1 |
| 7 (OCLC) |
0 |
| u (OCLC) |
3 |
| w (OCLC) |
11 |
| s (OCLC) |
0 |
| o (OCLC) |
BMK |
| 0 (OCLC) |
$14.99 |
| y (OCLC) |
99 |
| j (OCLC) |
Dewey Decimal |
| n (OCLC) |
On-Order |
| e (OCLC) |
1586699-8 |
| 9 (OCLC) |
Item generated Sep 4 2019 11:06AM |
| 948 ## - LOCAL PROCESSING INFORMATION (OCLC); SERIES PART DESIGNATOR (RLIN) |
| Series part designator, SPT (RLIN) |
BNO |
| b (OCLC) |
CHILDREN'S |
| p (OCLC) |
X125834038 |
| k (OCLC) |
J |
| h (OCLC) |
F |
| f (OCLC) |
1 |
| r (OCLC) |
2 |
| g (OCLC) |
1 |
| 7 (OCLC) |
0 |
| u (OCLC) |
3 |
| w (OCLC) |
11 |
| s (OCLC) |
0 |
| o (OCLC) |
BNO |
| 0 (OCLC) |
$14.99 |
| y (OCLC) |
99 |
| j (OCLC) |
Dewey Decimal |
| n (OCLC) |
On-Order |
| e (OCLC) |
1586699-9 |
| 9 (OCLC) |
Item generated Sep 4 2019 11:06AM |